书目信息 |
| 题名: |
科学理念引领下的学前教育探索
|
|
| 作者: | 谭赟赟 著 | |
| 分册: | ||
| 出版信息: | 北京 中国原子能出版社 2019.09 |
|
| 页数: | 239页 | |
| 开本: | 24cm | |
| 丛书名: | ||
| 单 册: | ||
| 中图分类: | G612 | |
| 科图分类: | ||
| 主题词: | 学前教育--教学研究 | |
| 电子资源: | ||
| ISBN: | 978-7-5022-9872-2 | |
| 000 | 00872nam0 2200229 450 | |
| 001 | 0103152644 | |
| 005 | 20201103152730.0 | |
| 010 | @a978-7-5022-9872-2@dCNY75.00 | |
| 100 | @a20200408d2019 em y0chiy50 ea | |
| 101 | 0 | @achi |
| 102 | @aCN@b110000 | |
| 105 | @aak z 000yy | |
| 106 | @ar | |
| 200 | 1 | @a科学理念引领下的学前教育探索@Ake xue li nian yin ling xia de xue qian jiao yu tan suo@f谭赟赟著 |
| 210 | @a北京@c中国原子能出版社@d2019.09 | |
| 215 | @a239页@c图@d24cm | |
| 330 | @a本书具体涉及学前教育经典理念阐释、学前教育与学前儿童发展、学前教育环境的人性化创设、学前教育中的生活自理教育、学前教育课程的设计、学前教育中的游戏运用与指导、学前教育与家庭教育指导、学前教育教师的专业发展路径等内容。 | |
| 606 | 0 | @a学前教育@x教学研究 |
| 690 | @aG612@v5 | |
| 701 | 0 | @a谭赟赟@Atan bin bin@4著 |
| 801 | 0 | @aCN@bBJSZM@c20201103 |
| 905 | @b1255586-90@dG612@e1038@f5 | |
| 科学理念引领下的学前教育探索/谭赟赟著.-北京:中国原子能出版社,2019.09 |
| 239页:图;24cm |
| ISBN 978-7-5022-9872-2:CNY75.00 |
| 本书具体涉及学前教育经典理念阐释、学前教育与学前儿童发展、学前教育环境的人性化创设、学前教育中的生活自理教育、学前教育课程的设计、学前教育中的游戏运用与指导、学前教育与家庭教育指导、学前教育教师的专业发展路径等内容。 |
| ● |
| 相关链接 |
|
|
|
|
正题名:科学理念引领下的学前教育探索
索取号:G612/1038
 
预约/预借
| 序号 | 登录号 | 条形码 | 馆藏地/架位号 | 状态 | 备注 |
| 1 | 1255586 | 212555867 | 第一样本阅览室/ [索取号:G612/1038] | 在馆 | |
| 2 | 1255587 | 212555876 | 教育系资料室/ [索取号:G612/1038] | 在馆 | |
| 3 | 1255588 | 212555885 | 教育系资料室/ [索取号:G612/1038] | 在馆 | |
| 4 | 1255589 | 212555894 | 第四借阅区/ [索取号:G612/1038] | 在馆 | |
| 5 | 1255590 | 212555901 | 第四借阅区/ [索取号:G612/1038] | 在馆 |